000 00555nam a2200181Ia 4500
008 090630s9999 xx 000 0 und d
082 _b14666
100 _aकणेकर शिरिष.
245 _aते साठ दिवस.
_cकणेकर शिरिष.
260 _bपुष्प.
300 _a113
600 _aकणेकर शिरिष.
630 _aते साठ दिवस.
655 _aइतर.
700 _aकणेकर शिरिष.
730 _aते साठ दिवस.
942 _cBOOK
999 _c266522
_d266522